| 000 | 00404nam a22001217a 4500 | ||
|---|---|---|---|
| 082 | _a220 PRO | ||
| 100 |
_aGC IRFAN HAIDER PC SHER ISLAM NC QAISER ALI NC HAD-UR-REHMAN _972942 |
||
| 245 | _aPR-SOF-1871-An AI Based Crime Analyzer | ||
| 260 |
_aISLAMABAD _bNUST COLLEGE OF EME _c2020 |
||
| 650 |
_a DE-COMP-38 _972943 |
||
| 700 |
_aDR WASI HAIDER PROJECT CO-SUPERVISOR . DR. ALI HASSAN _972944 |
||
| 942 | _cCR | ||
| 999 |
_c578889 _d578889 |
||